Comentarios de la pintura / (Record no. 154877)

MARC details
000 -LEADER
campo de control de longitud fija 01132nam a2200253 i 4500
001 - NÚMERO DE CONTROL
campo de control 154877
003 - IDENTIFICADOR DE NÚMERO DE CONTROL
campo de control ES-MaACL
005 - FECHA Y HORA DE LA ÚLTIMA TRANSACCIÓN
campo de control 20250809181226.0
008 - DATOS DE LONGITUD FIJA--INFORMACIÓN GENERAL
campo de control de longitud fija 960118s1788 sp |||| | spa d
040 ## - FUENTE DE CATALOGACIÓN
Centro catalogador/agencia de origen EUS
Lengua de catalogación spa
Centro/agencia transcriptor EUS
100 1# - ENTRADA PRINCIPAL--NOMBRE DE PERSONA
Nombre de persona Guevara, Felipe de.
9 (RLIN) 127610
245 10 - MENCIÓN DEL TÍTULO
Título Comentarios de la pintura /
Mención de responsabilidad, etc. que escribio Don Felipe de Guevara ... ; se publican por la primera vez con un discurso preliminar y algunas notas de Don Antonio Ponz...
260 ## - PUBLICACIÓN, DISTRIBUCIÓN, ETC.
Lugar de publicación, distribución, etc. Madrid :
Nombre del editor, distribuidor, etc. por Don Geronimo Ortega, Hijos de Ibarra y Compañia :
-- se hallará á la rústica y en papel en casa de la Viuda de Ibarra ...,
Fecha de publicación, distribución, etc. 1788.
300 ## - DESCRIPCIÓN FÍSICA
Extensión [2], XIV, 254 p. ;
Dimensiones 8º.
530 ## - NOTA DISPONIBLE DE FORMULARIO FÍSICO ADICIONAL
Nota de formato físico adicional disponible Disponible en formato digital.
596 ## - NOTA AL PIE DE IMPRENTA
NOTA AL PIE DE IMPRENTA Marca tip. en port.
597 ## - NOTA DE DESCRIPCIÓN FÍSICA
NOTA DE DESCRIPCIÓN FÍSICA Sign.: a8, A-P8, Q7.
650 04 - PUNTO DE ACCESO ADICIONAL DE MATERIA--TÉRMINO DE MATERIA
Término de materia o nombre geográfico como elemento de entrada Pintura-
Subdivisión de forma Historia.
9 (RLIN) 16006
700 1# - ENTRADA AGREGADA--NOMBRE PERSONAL
Nombre de persona Ponz, Antonio,
Fechas asociadas al nombre 1725-1792
9 (RLIN) 93069
852 ## - LOCALIZACIÓN
Ubicación ES-MaACL
Número de control de estantería R-495
Nota libre -- Enc. hol.
Encuadernación Olim: D-2741
852 ## - LOCALIZACIÓN
Ubicación ES-MaACL
Número de control de estantería R-927
Nota libre -- Enc. pasta
Encuadernación Olim: G-1311
856 ## - LOCALIZACIÓN Y ACCESO ELECTRÓNICOS
Identificador Uniforme de Recursos <a href="http://bdh-rd.bne.es/viewer.vm?id=0000092104&page=1 ">http://bdh-rd.bne.es/viewer.vm?id=0000092104&page=1 </a>
Nota pública Biblioteca Digital Hispánica
Holdings
Estatus retirado Estado de pérdida Estado de daño No para préstamo Colección Biblioteca de origen Biblioteca actual Ubicación en estantería Fecha de adquisición Fuente de adquisición Total de préstamos Signatura topográfica completa Código de barras Visto por última vez Precio de reemplazo Tipo de ítem Koha
        Colección digital Biblioteca del Ateneo de Madrid Biblioteca del Ateneo de Madrid Depósito 17/01/2008     R-927 1162003 23/02/2023 23/02/2023 Libro impreso antiguo
        Colección digital Biblioteca del Ateneo de Madrid Biblioteca del Ateneo de Madrid Depósito 17/01/2008     R-495 1162002 23/02/2023 23/02/2023 Libro impreso antiguo